Loading...
| Science - Physics | 0 | 10 | 2 | 1 | 90 | 22 | 65.50 | 6 | 9 | 0.00 | 0.00 |
| Science - Other | 0 | 9 | 1 | 2 | 85 | 68 | 92.67 | 2 | 6 | 0.00 | 0.00 |
| Science - Chemistry | 0 | 9 | 2 | 0 | 80 | 45 | 76.11 | 6 | 9 | 0.00 | 0.00 |
| Science - Biology | 0 | 5 | 1 | 0 | 45 | 72 | 78.80 | 3 | 5 | 0.00 | 0.00 |
| Social Science | 0 | 3 | 0 | 0 | 30 | 54 | 82.67 | 0 | 2 | 0.00 | 0.00 |
| Other | 0 | 3 | 0 | 0 | 30 | 45 | 58.67 | 1 | 2 | 0.00 | 0.00 |
| History - World | 0 | 2 | 0 | 0 | 20 | 73 | 82.50 | 1 | 2 | 0.00 | 0.00 |
| History - Other | 0 | 2 | 1 | 0 | 15 | 61 | 88.50 | 1 | 2 | 0.00 | 0.00 |
| Mythology | 0 | 1 | 0 | 1 | 10 | 144 | 144.00 | 0 | 0 | 0.00 | 0.00 |
| Literature - World | 0 | 1 | 0 | 0 | 10 | 130 | 130.00 | 0 | 0 | 0.00 | 0.00 |
| Religion | 0 | 0 | 1 | 0 | -5 | 0.00 | 0 | 0 | 0.00 | 0.00 |